LIBRARY & INFORMATION CENTRE, KCAET, TAVANUR

ONLINE PUBLIC ACCESS CATALOGUE (OPAC)

Graph theory (Record no. 13783)

MARC details
000 -LEADER
fixed length control field 00282nam a22001217a 4500
020 ## - INTERNATIONAL STANDARD BOOK NUMBER
ISBN 9788185015552
082 ## - DEWEY DECIMAL CLASSIFICATION NUMBER
Classification number 511.5
Item number HAR/GR
100 ## - MAIN ENTRY--AUTHOR NAME
Personal name Harary, Frank
245 ## - TITLE STATEMENT
Title Graph theory
260 ## - PUBLICATION, DISTRIBUTION, ETC. (IMPRINT)
Place of publication New Delhi
Name of publisher Narosa Publishing House
Year of publication 2001
700 ## - ADDED ENTRY--PERSONAL NAME
Personal name Krishnamurthy,V
942 ## - ADDED ENTRY ELEMENTS (KOHA)
Koha item type Books
Holdings
Withdrawn status Lost status Damaged status Collection code Home library Current library Shelving location Date acquired Source of acquisition Cost, normal purchase price Full call number Accession Number Koha item type
      Non-fiction KAUAET KAUAET General Stacks 31/03/2012 Dreamtech, Tvm 185.00 511.5 HAR/GR 23116 Books
free website counter